Score 0/10 Timer 01:30
4 Plays Today
% Correct
Aqua vitae
95%
Acta non verba
92.8%
Aurora borealis
92.7%
Anno domini
92.5%
Ad hominem
90.3%
Ante bellum
88.7%
Alma mater
88.6%
Alumnus
86.9%
Affidavit
78.9%
Alias
68.4%

Today's Daily Dose

Remove Ads.
Support Sporcle.
Get the best of Sporcle when you Go Orange. This ad-free experience offers more features, more stats, and more fun while also helping to support Sporcle. Thank you for becoming a member.

You're not logged in!

Compare scores with friends on all Sporcle quizzes.
OR
Log In

Show Comments

Extras

Top Quizzes Today


Score Distribution

Your Account Isn't Verified!

In order to create a playlist on Sporcle, you need to verify the email address you used during registration. Go to your Sporcle Settings to finish the process.

Report this User

Report this user for behavior that violates our Community Guidelines.

Details: